000 00617nam a2200205 a 4500
001 000011196
005 20240412074224.0
008 091015s2003 dr 001 p spa d
020 _a9993403881
040 _aDO-SdBNP
_bspa
_cBNPHU
082 _aRD861.44
_bS593c
100 1 _aSimó T. , Dennis R.,
_d1943-
_926760
245 1 0 _aCancionero de vida /
_cDennis R. Simó T.
260 _aSanto Domingo :
_bCocolo,
_c2003.
300 _a73 p. ;
_c23 cm.
590 _aInventariado, 2019 / DG
650 0 _aPoesía dominicana
_966
650 0 _aLiteratura dominicana.
_967
910 _aValidado. Control de calidad BNPHU
999 _c10915
_d10915